| Поле | Инд. | ПП | Название | Значение |
|---|---|---|---|---|
| Тип записи | a | |||
| Библиографический уровень | a | |||
| 001 | Контрольный номер | 1939833f502c40e6a915accccd57bd61 | ||
| 005 | Дата корректировки | 20210224162540.0 | ||
| 040 | a | Служба первич. каталог. | НБ ТвГУ | |
| b | Код языка каталог. | rus | ||
| e | Правила каталог. | PSBO | ||
| 041 | 0_ | a | Код языка текста | rus |
| 097 | b | Оператор | Komarova.ES | |
| 098 | b | Факультет | Институт педагогического образования и социальных технологий | |
| c | Кафедра | Социальной работы и педагогики | ||
| 100 | 1_ | a | Автор | Цветкова Елизавета Сергеевна |
| q | Полное имя | Цветкова Е. С. | ||
| 245 | 10 | a | Заглавие | Инновационные методы борьбы с домашним насилием в России и за рубежом |
| 260 | a | Место издания | Тверь | |
| 504 | a | Библиография | Библиогр.: с. 152-153 (17 назв.) | |
| 520 | 0_ | a | Аннотация | Рассмотрена проблема домашнего насилия как явления, затрагивающего все развитые страны мира, а также подходы к решению данной проблемы в России и за рубежом. Выявлены основные формы и методы борьбы с домашним насилием. |
| 653 | 0_ | a | Ключевые слова | Труды Тверского государственного университета |
| a | Ключевые слова | Насилие | ||
| a | Ключевые слова | Инновационные методы | ||
| a | Ключевые слова | Борьба с домашним насилием | ||
| a | Ключевые слова | Жертва домашнего насилия | ||
| a | Ключевые слова | Женщины | ||
| a | Ключевые слова | Наказание | ||
| 700 | 12 | a | Другие авторы | Ершов Вячеслав Алексеевич |
| q | Полное имя | Ершов В. А. | ||
| 773 | 18 | w | Контрольный № источника | 7e15894b3bf841839de261c5f071005b |
| t | Название источника | Молодежь и государство: научно-методологические, социально-педагогические и психологические аспекты развития современного образования | ||
| d | Место и дата издания | Тверь, 2020 | ||
| g | Прочая информация | С. 149-153 | ||
| 856 | 40 | u | URL | http://texts.lib.tversu.ru/texts/150158t.pdf |
| x | Примечание для ЭОР | Справка УИС 2020 | ||
| x | Примечание для ЭОР | Реестр суммарного учета сетевых локальных документов | ||
| i | Дата подключения ЭОР | 20210224 | ||
| 901 | t | Тип документа | a | |
| 920 | a | Оператор | Кома | |
| 954 | b | Дата поступления в ОК | 20210217 |